00980nam a2200241 a 4500001001000000003000500010005001700015008004100032010001100073011001100084040000900095100003500104245016100139260004100300500006000341502009900401650005300500650002700553650002700580650002700607650003400634856007000668000113029CHAP20220329144334.0170322s2016 mx sm |||||||spa d a109490 a110462 cCHAP1 aMorales García, Miguel Angel10aAnálisis de créditos de habilitación y refaccionarios en la Soledad de Santa Apolonia S.P.R. de R.L.h[En línea]cpor Miguel Angel Morales García. aChapingo, Méx. :bEl autor,c2016. aPara ver el contenido del material haga clic en la liga aTesis (Ing. Mecánico Agrícola) -- UACH. Departamento de Ingeniería Mecánica Agrícola14aCrédito agrícolaxAsociaciones cooperativas.14aCrédito cooperativo.14aCrédito supervisado.14aPréstamos bancarios.14aSorgoxAspectos económicos. aFinding aiduhttp://10.13.5.2/tesis/sist113029.pdfzTeclea aquí